[Event "Hasselbacken Open 2019"]
[Site "Stockholm"]
[Date "2019.11.01"]
[Round "4.2"]
[White "Sjodahl, Pontus"]
[Black "Namini, Armin"]
[Result "1/2-1/2"]
[WhiteElo "2441"]
[BlackElo "2249"]
[Annotator "TA"]
[PlyCount "136"]
[EventDate "2019.11.01"]
[EventCountry "SWE"]
[SourceTitle "playchess.com"]
[Source "ChessBase"]
[SourceQuality "1"]

{[%evp 17,136,0,2,0,12,-26,-25,-58,-24,-14,-18,-16,3,-14,0,-78,-72,-82,-72,-99,-100,-115,-90,-67,0,-30,0,0,0,-2,0,0,0,-6,35,31,35,12,25,0,12,12,26,-2,43,42,49,35,42,48,101,101,106,96,102,47,42,32,167,43,102,0,107,0,0,-31,-37,-52,-52,-38,-10,-15,0,-93,-28,-22,-26,-28,-28,-28,-28,-28,0,0,0,-27,-12,-70,-70,-70,0,-128,-150,-143,0,-107,-116,-96,-13,-54,0,-347,-339,-307,-343,-285,-335,-227,-234,-350,-345,-341,-301,-304,-256,-262,0,-228,0,-199,0]} 1. d4 Nf6 2. c4 g6 3. Nc3 Bg7 4. e4 d6 5. f3 O-O 6. Be3 c5 7. Nge2 Qa5 8. Qd2 Nc6 9. d5 Ne5 10. Nc1 {E81: King's Indian: Sämisch: 6th move deviations (including 6 Be3 c6)} (10. Ng3 h5 11. Be2 h4 12. Nf1 a6 13. Nd1 Qc7 14. a4 e6 15. Bh6 exd5 16. Bxg7 Kxg7 17. cxd5 Qe7 18. Nf2 Bd7 19. Ne3 Nh5 {½-½ (19) Tomashevsky,E (2664)-Khairullin,I (2574) Budva 2009}) 10... a6 11. Nb3 Qb4 12. Nd1 {Black has an edge.} Qxd2+ (12... a5 {looks sharper.} 13. Rc1 e6 14. Rc3 a4 15. a3 Qb6) 13. Bxd2 $146 ({Predecessor:} 13. Nxd2 b5 14. Be2 Bd7 15. O-O Rfb8 16. Rc1 bxc4 17. Nxc4 Bb5 {0-1 (48) Andersen,N (1948)-Furrer,C (2037) Copenhagen 2012}) 13... e6 14. Bc3 Nh5 15. Ne3 f5 16. exf5 (16. dxe6 $11 Bxe6 17. exf5 gxf5 18. O-O-O) 16... exf5 $17 17. Kf2 Bd7 18. a4 Rae8 19. Nc2 Nf4 {aiming for ...Ned3+.} 20. Nc1 {[#]} Rb8 (20... Ng4+ $1 $15 {[%mdl 512]} 21. Kg1 (21. fxg4 $2 Bxc3 22. bxc3 fxg4 $17) 21... Bxc3 22. bxc3 Ne3 23. Nxe3 Rxe3) 21. a5 (21. g3 $5 {[%cal Rg3f4]} Nh5 22. Nd3 $11) 21... b5 22. axb6 Rxb6 23. Ra2 Rfb8 24. g3 Nh5 25. Be2 Nf7 (25... Bc8 {keeps more tension.} 26. Rd1 Bf6 27. Rh1 Bd7 28. Kg2 g5) 26. Bxg7 Kxg7 27. b3 f4 28. Bd1 (28. g4 $5 {[%cal Rg4h5]} Nf6 29. h4 $11) 28... Ne5 29. Ne1 g5 30. Ned3 {Threatens to win with Nxe5.} (30. g4 {is more complex.} Nf6 31. h4 h6 32. Ned3 Ng6 33. h5) 30... Nxd3+ (30... Ng6 {feels hotter.} 31. Ne2 Rf8 32. Nc3 fxg3+ 33. hxg3 Nf6) 31. Nxd3 Be8 32. Re1 Bg6 33. Nb2 Kf7 (33... Re8 $14) 34. Na4 $16 R6b7 35. Nc3 Rb6 36. Ra3 (36. g4 $16 Ng7 37. h4) 36... Nf6 $14 37. Re2 Nd7 (37... fxg3+ $14 38. hxg3 Re8) 38. Rea2 (38. Na4 $1 $18) 38... Ra8 (38... Ne5 $14) 39. Ne2 (39. gxf4 $16 gxf4 40. Ne2) 39... Bd3 (39... fxg3+ $11 40. hxg3 Ne5) 40. Nc1 ({White should play} 40. gxf4 $16 h6 41. Ke3 Bxe2 42. Rxe2 (42. Bxe2 Re8+ 43. Kf2 gxf4 $16)) 40... Ne5 $11 41. Be2 Bg6 42. Bf1 Ke7 43. Be2 Kd7 44. Bd1 Kc7 (44... Bf5 {seems wilder.} 45. gxf4 gxf4 46. Bc2 Bg6 47. h4 Kc7) 45. Bc2 (45. Kg2 $11) 45... Bxc2 ({Better is} 45... fxg3+ $1 $17 46. Kxg3 Rf8) 46. Rxc2 Rf8 {And now ...fxg3+ would win.} 47. g4 {[#]} h5 $1 {[%mdl 512]} 48. h3 (48. gxh5 Rh8) 48... Rh8 {...hxg4 is the strong threat.} 49. Kg2 Rh6 {next ...hxg4 is good for Black.} 50. Rca2 Kb7 51. Rd2 Rh7 52. Nd3 (52. Re2 $11) 52... Nxd3 $15 53. Rxd3 hxg4 (53... h4 $1 $15) 54. hxg4 {[%mdl 4096] Endgame KRR-KRR} (54. fxg4 $11 {was the only way to keep the balance.} Kc7 55. Rd1) 54... Re7 $1 $17 55. Kf2 Rh7 (55... Ka7 $1 $17 56. Rc3 Rb8) 56. Rd2 (56. Kg2 $11) 56... Rh2+ 57. Ke1 Rh3 (57... Rh1+ $1 $17 58. Ke2 Ka7) 58. Ke2 $11 Ka7 (58... Kc8 $15) 59. Kf2 $2 {[%mdl 8192]} (59. Rd1 $11) 59... Rb8 $19 60. Re2 Rh2+ 61. Ke1 {[#]} Rxe2+ $1 62. Kxe2 {KR-KR} Re8+ 63. Kf2 (63. Kf1 $142) 63... Re3 64. Kg2 {Now Kf2 and White clings on.} Kb6 65. Kf2 {White hopes to continue with Kg2.} Kb7 66. Kg2 {If White can now play Kf2 this consolidates a bit.} Kb6 67. Kf2 Kb7 68. Kg2 {[#]} Kb6 $2 {Accuracy: White = 41%, Black = 35%.} (68... a5 $1 $19 {[%mdl 512]} 69. Rxa5 Rxb3) 1/2-1/2

[Event "Hasselbacken Open 2019"]
[Site "Stockholm"]
[Date "2019.11.01"]
[Round "4.4"]
[White "Peng, Li Min"]
[Black "Adahl, Mattias"]
[Result "1-0"]
[WhiteElo "2454"]
[BlackElo "2075"]
[Annotator "TA"]
[PlyCount "81"]
[EventDate "2019.11.01"]
[EventCountry "SWE"]
[SourceTitle "playchess.com"]
[Source "ChessBase"]
[SourceQuality "1"]

{[%evp 16,81,31,27,31,25,30,23,32,29,24,30,42,23,34,21,16,17,24,16,14,0,24,24,42,12,12,12,32,36,40,28,24,21,28,2,11,13,29,19,138,141,148,157,147,131,163,160,160,156,160,159,218,169,305,232,233,205,261,259,422,401,870,535,792,596,29993,29994]} 1. Nf3 d5 2. c4 e6 3. g3 Nf6 4. Bg2 c6 5. b3 Bd6 6. Bb2 Nbd7 7. Nc3 b6 8. d4 O-O 9. O-O Bb7 {E01: Catalan: Early deviations} 10. Qd3 (10. Nd2 Re8 11. e4 dxe4 12. Ndxe4 Nxe4 13. Nxe4 Be7 14. Qc2 Nf6 15. Rad1 {1-0 (50) Mareco,S (2661)-Gonzalez,R (2451) Guatemala City 2019}) 10... Re8 11. e4 {[#] aiming for e5.} dxe4 {White has an edge.} 12. Nxe4 Nxe4 13. Qxe4 Nf6 14. Qe2 c5 15. Rad1 {[#] dxc5 is the strong threat.} Qc7 $146 ({Predecessor:} 15... Qe7 16. Rfe1 cxd4 17. Nxd4 Bxg2 18. Kxg2 Qb7+ 19. Qf3 Qxf3+ 20. Kxf3 {½-½ (44) Cherepov,A (2156)-Swiech,J (1918) Bialystok 2017}) 16. dxc5 Bxc5 17. Qe5 Qe7 18. Ng5 Bxg2 19. Kxg2 Qf8 20. Ne4 Nxe4 21. Qxe4 Qe7 22. Rd3 Rad8 23. Rfd1 Rxd3 24. Qxd3 a5 25. f3 $40 {[%mdl 128] White is up to no good.} h6 26. Qd7 Qf8 27. Be5 f6 (27... Re7 $11 28. Qd8 Ra7) 28. Bd6 $16 Qf7 29. Bxc5 bxc5 {[%mdl 4096] Endgame KQR-KQR} 30. Qc6 Qg6 31. Rd2 Qh5 32. Re2 Rd8 33. Qxe6+ Kh8 (33... Kh7 $16 34. Qb6 Rd3) 34. Qe7 Rg8 (34... Rd3 $142 35. Qe4 Rd8) 35. Qc7 a4 36. bxa4 {[%cal Bb3a4,Ba4a5][%mdl 32]} Qf5 37. Qd6 Rc8 $2 (37... Qb1 38. Qxc5 Qd1) 38. a5 $18 h5 (38... Ra8 $142 39. a6 Kh7) 39. h3 h4 40. g4 Ra8 41. gxf5 {Accuracy: White = 60%, Black = 20%.} 1-0

[Event "Hasselbacken Open 2019"]
[Site "Stockholm"]
[Date "2019.11.01"]
[Round "4.5"]
[White "Johansson, Gunnar"]
[Black "Roshka, Yevgeniy"]
[Result "0-1"]
[WhiteElo "2252"]
[BlackElo "2369"]
[Annotator "TA"]
[PlyCount "74"]
[EventDate "2019.11.01"]
[EventCountry "SWE"]
[SourceTitle "playchess.com"]
[Source "ChessBase"]
[SourceQuality "1"]

{[%evp 15,74,26,33,0,0,0,0,-24,0,0,2,5,14,0,160,151,160,135,181,156,172,178,160,62,67,70,58,56,55,45,42,47,52,0,0,-4,-10,-15,-18,-29,-22,-56,-38,-26,-31,-38,-43,-60,-72,-143,-165,-263,-267,-278,-283,-258,-272,-438,-417,-520,-496]} 1. d4 g6 2. c4 Bg7 3. e4 d6 4. Nc3 e5 5. dxe5 dxe5 6. Qxd8+ Kxd8 7. f4 Be6 8. Nf3 Nc6 9. Be3 {A42: Modern Defence: Averbakh Variation} Nf6 10. O-O-O+ (10. h3 Kc8 11. fxe5 Nd7 12. Ng5 Nd8 13. Be2 Nxe5 14. Nxe6 Nxe6 15. O-O c6 16. Rad1 h5 {0-1 (38) Bareev,E (2709)-Morozevich,A (2741) Monte Carlo 2005}) 10... Kc8 11. g3 {The position is equal.} Ng4 12. Bg1 exf4 13. gxf4 Bh6 14. Ng5 $36 {[%mdl 2048] Black is under pressure.} Nge5 $146 {[#]} (14... Bxg5 $1 $11 15. fxg5 Nge5) ({Predecessor:} 14... Bxg5 15. fxg5 Nge5 {½-½ (34) Farago,S (2400)-Schneider,B (2200) Schoeneck 1988}) 15. h4 $1 $16 Nd7 16. Nd5 Bg4 17. Re1 ({Inferior is} 17. Nxf7 Bxf4+ 18. Nxf4 Rf8 $14) 17... Nd8 18. Bd4 Re8 19. Bh3 (19. Nxh7 $16 {aiming for Nhf6.} f5 20. Rg1) 19... Bxh3 $14 20. Rxh3 Ne6 21. Be3 c6 22. Nc3 f6 $1 23. Nxe6 Rxe6 24. h5 (24. Kc2 $14 Re7 25. Rg1) 24... g5 $11 25. fxg5 Bxg5 26. Bxg5 fxg5 27. Rf3 Re7 28. e5 Kc7 $1 29. e6 Rae8 30. Rg1 Ne5 31. Rf6 g4 ({Much worse is} 31... Nxc4 32. Rxg5 Nd6 33. a4 $11) 32. Rf5 (32. Rh6 $142) 32... Rxe6 $17 33. Kc2 (33. b3 $142) 33... Nxc4 $19 {[#] ...Ne3+ is the strong threat.} 34. Rf7+ R8e7 35. Rxe7+ Rxe7 36. Kb3 $2 (36. b3 Ne5 37. Ne4) 36... Ne3 37. Rg3 Kd6 {Accuracy: White = 36%, Black = 77%.} 0-1

[Event "Hasselbacken Open 2019"]
[Site "Stockholm"]
[Date "2019.11.01"]
[Round "4.6"]
[White "Papunidi, Matvey"]
[Black "Bogdanov, Egor"]
[Result "1/2-1/2"]
[WhiteElo "2083"]
[BlackElo "2409"]
[Annotator "TA"]
[PlyCount "122"]
[EventDate "2019.11.01"]
[EventCountry "SWE"]
[SourceTitle "playchess.com"]
[Source "ChessBase"]
[SourceQuality "1"]

{[%evp 18,122,44,40,65,60,56,49,59,57,50,54,51,56,122,66,56,62,131,46,54,47,57,43,47,34,41,32,33,39,49,34,19,10,8,-7,18,0,17,0,0,0,0,0,20,34,32,0,26,-7,0,-9,0,0,29,0,0,-7,-8,-8,0,-8,0,0,0,0,0,0,0,0,0,0,0,0,0,-14,-12,-14,0,0,0,0,0,0,0,0,0,0,0,0,72,80,161,64,65,0,0,0,0,0,0,0,0,0,0,0,0]} 1. e4 c5 2. Nf3 g6 3. d4 Bg7 4. Nc3 cxd4 5. Nxd4 Nc6 6. Be3 Nf6 7. Nxc6 bxc6 8. e5 Ng8 9. Bd4 Nh6 10. e6 $1 O-O {B34: Sicilian: Accelerated Dragon with 5 Nc3: sidelines} 11. Bxg7 Kxg7 12. Qd4+ f6 {White is slightly better.} 13. exd7 $1 Qxd7 14. O-O-O (14. Qxd7 Bxd7 15. O-O-O Rfd8 16. Be2 Bg4 17. f3 Be6 18. Ne4 {0-1 (44) Njili,K (2413)-Guseinov,G (2623) Sharjah 2016}) 14... Qxd4 15. Rxd4 Be6 $146 (15... Nf5 $14 16. Ra4 e5) ({Predecessor:} 15... Ng4 16. Be2 Ne5 17. Na4 h5 18. h3 {1-0 (54) Nastase,R (2313)-Aydincelebi,K (2060) Manavgat 2018}) 16. Be2 (16. Ba6 $16) 16... Nf5 $14 17. Rd2 c5 {[#]} (17... Rfe8 $14) 18. Rhd1 (18. Re1 $1 $16) 18... Rac8 19. Ba6 Rc6 20. Bb5 Rb6 21. Bd7 Nd4 22. Bxe6 Rxe6 23. Na4 Rc8 24. Kb1 Nf5 25. Rd7 a6 26. c3 Kf7 27. Kc2 h5 28. R7d5 c4 29. Rc5 Rxc5 (29... Rec6 {with more complications.} 30. Rxc6 Rxc6 31. g3 Nh6 32. h3 Nf5) 30. Nxc5 $11 {[%mdl 4096] Endgame KRN-KRN} Rc6 31. Nb7 Kg7 32. Re1 e5 33. Re4 Rc7 34. Nd8 {And now Ne6+ would win.} Rc8 {Threatens to win with ...Nd6.} 35. Nb7 Kf7 36. h3 Ke6 37. g4 hxg4 38. hxg4 Ne7 39. b3 Rc7 40. Na5 $1 cxb3+ 41. axb3 Nd5 42. c4 Nf4 43. b4 Rh7 44. Nb3 Rh2 45. Nc5+ Kd6 46. Nxa6 Rxf2+ 47. Kb3 Rf3+ 48. Ka4 Rf1 49. Kb5 Ne6 50. Kb6 Rc1 51. c5+ Kd5 52. Re2 $1 Nd4 53. Re3 Kc4 {[#]} (53... e4 $11 {remains equal.}) 54. g5 $1 $16 {[%mdl 512]} Ra1 {[#]} (54... fxg5 55. Rxe5) 55. gxf6 (55. Nb8 $1 $18 fxg5 56. Rxe5 Kxb4 57. Nc6+ (57. Rxg5 Rb1 $11) 57... Nxc6 58. Re4+ Kc3 59. Kxc6) 55... Rf1 $14 56. Rxe5 ({White should play} 56. Nb8 $14 Rxf6+ 57. c6) 56... Rxf6+ $11 {The position is equal.} 57. Kb7 Rf7+ 58. Kb6 Rf6+ 59. Kb7 Rf7+ 60. Kb6 {aiming for c6.} Rf6+ 61. Kb7 Rf7+ {Accuracy: White = 42%, Black = 62%.} 1/2-1/2

[Event "Hasselbacken Open 2019"]
[Site "Stockholm"]
[Date "2019.11.01"]
[Round "4.7"]
[White "Sorensen, Hampus"]
[Black "Karlsson, Jorgen"]
[Result "1-0"]
[WhiteElo "2330"]
[BlackElo "2088"]
[Annotator "TA"]
[PlyCount "153"]
[EventDate "2019.11.01"]
[EventCountry "SWE"]
[SourceTitle "playchess.com"]
[Source "ChessBase"]
[SourceQuality "1"]

{[%evp 9,153,39,54,38,50,45,49,51,78,31,61,7,71,60,62,71,68,55,58,58,58,67,78,63,73,73,77,77,86,80,75,70,89,75,105,102,111,32,39,42,35,54,69,56,64,65,65,62,59,62,62,56,57,63,56,58,60,58,66,57,62,58,65,53,53,51,47,50,52,54,64,64,77,79,91,99,95,93,86,87,97,77,129,89,91,47,70,70,70,70,72,0,72,65,97,72,218,218,208,87,87,87,104,87,87,0,112,87,87,87,87,87,82,45,298,245,245,45,45,45,168,150,150,150,190,135,267,112,231,185,29974,29974,29981,29982,29982,29983,29983,298,298,298,299,291,29974,29975,29972,11601]} 1. Nf3 g6 2. e4 Bg7 3. d4 d6 4. Bc4 e6 5. O-O Ne7 6. c3 {B06: Modern Defence} (6. Re1 a6 7. c3 O-O 8. Be3 Nd7 9. Nbd2 h6 10. Nf1 d5 11. exd5 Nb6 12. Bd3 Nbxd5 13. Bd2 Nf5 {½-½ (54) Nihal,S (2572)-Adhiban,B (2668) Douglas 2018}) 6... h6 7. Nbd2 O-O 8. Re1 {White is slightly better.} e5 $146 ({Predecessor:} 8... a6 9. a4 b6 10. Nf1 Bb7 11. Bb3 Nd7 12. h3 {0-1 (41) Festner,K (2012)-Ruecker,B (2261) Tegernsee 2017}) 9. Nf1 Nbc6 10. h3 (10. dxe5 $14 Nxe5 11. Nxe5 dxe5 12. Be3) 10... Na5 (10... exd4 $11 11. cxd4 d5 12. exd5 Nxd5) 11. Bd3 $16 c5 {[%cal Re5d4]} 12. dxc5 dxc5 13. Ne3 Be6 14. Ng4 Bxg4 15. hxg4 Qd7 16. Nh2 (16. Be3 {with more complications.} b6 17. g5 h5 18. Qe2 Rad8 19. Bb5) 16... Rad8 17. Bc2 Qxd1 18. Bxd1 Nec6 19. Be2 b6 20. Nf1 Nb7 21. f3 Nd6 22. Ne3 Ne7 23. Nc2 (23. a4 $16) 23... f5 $14 24. gxf5 gxf5 25. exf5 Ndxf5 26. Ne3 Nxe3 27. Bxe3 Nf5 28. Bf2 Rd2 29. Bc4+ Kh8 30. Re2 Rxe2 31. Bxe2 Rd8 32. Rd1 Bf6 33. Rxd8+ Bxd8 {[%mdl 4096] Endgame KBB-KBN} 34. Bd3 Nd6 35. Bg3 Bf6 36. Kf1 Kg7 37. Ke2 Kf7 38. Bf2 Bg5 39. b3 Ke6 40. Bh7 Kf7 41. Kd3 Bf4 42. a4 {[%cal Ba2a4,Ba4a5,Ba5a6][%mdl 32]} Bc1 43. Be4 Ke6 44. Bc6 Bg5 45. a5 Bd8 ({Black should try} 45... h5) 46. a6 h5 47. b4 cxb4 48. cxb4 h4 49. Be4 Nb5 50. Bc6 Nd6 $1 51. Kc3 Kf5 52. Be3 e4 (52... Ke6 $16 {was necessary.}) 53. fxe4+ $18 Nxe4+ 54. Kd3 (54. Kc4 $18 {and White stays clearly on top.}) 54... Nd6 $16 55. Bg1 Bc7 56. Bh2 Ke6 57. Bg1 ({White should play} 57. Bf4 $16) 57... Nf7 (57... Kf5 $11 {remains equal.}) 58. Bb7 Bd8 59. Bf2 Nd6 60. Bc6 Nf7 {Hoping for ...Ne5+.} 61. Ke4 {Bd5+ is the strong threat.} h3 $2 {[%mdl 8192]} (61... Ng5+ $1 $14 62. Kd4 h3) 62. gxh3 Ng5+ 63. Ke3 $2 ({White has to play} 63. Kd3 $18) 63... Nxh3 $14 64. Bg3 {aiming for Bb8.} b5 (64... Bg5+ $14 65. Kf3 Be7) 65. Kd3 {And now Bg2 would win.} Bb6 66. Bxb5 Ng5 67. Bf4 (67. Bc4+ $18 Kf5 68. Bb5) 67... Nf3 (67... Nh3 $16) 68. Bc4+ (68. Ke4 $18 {is the precise move to win.} Nh4 69. Bc4+ Kf6 70. Be5+ Ke7 71. b5) 68... Kd7 (68... Kf5 $16 {was worth a try.}) 69. Bd5 Nh4 $2 {[#]} (69... Nd4 $18 70. Be3 Nc6 71. Bxb6 Nxb4+ 72. Kc4 Nxa6 73. Bxa7 Nc7) 70. Be4 $1 Ke6 71. Be3 Bxe3 72. Kxe3 {KB-KN} Kd6 73. Kf4 $2 (73. Kd4 {mates} Kc7 74. b5 Kb6 75. Kc4 Kc7 76. Kc5 Kd7 77. b6 axb6+ 78. Kxb6) 73... Kc7 $18 74. Kg4 Kb6 75. Kxh4 Kxa6 $2 (75... Kb5 $18 76. Bd3+ Kxb4) 76. Bd3+ Kb6 {[#]} 77. b5 $1 {Accuracy: White = 44%, Black = 42%.} 1-0

[Event "Hasselbacken Open 2019"]
[Site "Stockholm"]
[Date "2019.11.01"]
[Round "4.8"]
[White "Pantzar, Milton"]
[Black "Falkevall, Axel"]
[Result "1/2-1/2"]
[WhiteElo "2376"]
[BlackElo "2036"]
[Annotator "TA"]
[PlyCount "130"]
[EventDate "2019.11.01"]
[EventCountry "SWE"]
[SourceTitle "playchess.com"]
[Source "ChessBase"]
[SourceQuality "1"]

{[%evp 15,130,-7,24,0,0,0,0,0,34,13,14,14,17,7,24,0,-8,0,34,0,0,0,49,29,33,0,39,-40,-49,-105,-50,-42,-35,-70,-43,-47,-13,-15,-14,-14,-14,-20,0,0,54,45,49,42,45,35,35,0,73,78,77,42,74,77,63,74,68,5,14,14,25,13,29,0,1,0,0,0,0,0,0,-80,-79,-79,-81,-93,-91,-126,-134,-279,-112,-580,-580,-577,0,-6087,-4776,-29957,-29958,-29977,0,-4133,0,-29955,-29951,-29951,-29950,-29945,-29944,-6062,-4746,-12825,-4631,-4610,0,0,0,0,0,0,0,0,0]} 1. d4 Nf6 2. c4 e6 3. Nc3 Bb4 4. e3 O-O 5. Bd3 d5 6. cxd5 exd5 7. Nge2 Re8 8. O-O c6 9. Bd2 {E48: Nimzo-Indian: Rubinstein: 5 Bd3 d5 including 6 Ne2, but excluding 6 a3} Bf8 10. f3 $146 ({Predecessor:} 10. Rc1 a5 11. f3 b5 12. Ng3 Ba6 13. Nce2 b4 14. Bxa6 Rxa6 15. Qa4 Qd7 {1-0 (51) Jobava,B (2702)-Mareco,S (2635) Doha 2016}) 10... c5 11. Be1 Nc6 (11... c4 $5 {[%cal Rc4d3]} 12. Bb1 Rxe3 $11) 12. Bf2 cxd4 13. Nxd4 Nxd4 14. exd4 a6 15. Na4 Nh5 16. Re1 Be7 17. Rc1 Nf4 18. Bf1 Bf5 19. Nc5 Qb6 20. Re5 Qg6 {White must now prevent ...Nh3+.} (20... Bxc5 $5 21. Rxf5 Bd6 $14) 21. Bg3 (21. g3 $14) 21... Bg5 $1 $15 22. Rxe8+ Rxe8 23. Rc3 h5 {aiming for ...h4.} 24. Nd3 Nxd3 (24... Bxd3 {with more complications.} 25. Bxd3 Qb6 26. Bxf4 Bxf4 27. g3 Be3+) 25. Bxd3 Be3+ (25... Bxd3 {feels hotter.} 26. Rxd3 h4 27. Bf2 h3 28. f4 Bxf4 29. Rxh3 Rc8) 26. Bf2 $1 {[%cal Rf2e3]} Bxf2+ 27. Kxf2 Bxd3 28. Qxd3 Qxd3 (28... Qf6 {is interesting.} 29. g3 g5 30. Rc5 Qe6 31. Rc1 g4) 29. Rxd3 $11 {[%mdl 4096] Endgame KR-KR} g6 (29... Rc8 $11) 30. Rc3 Re7 31. Rc5 Rd7 $1 32. Ke3 Kg7 33. Kf4 Kf6 (33... Re7 $1 $11) 34. h4 $1 $16 Re7 35. Rxd5 Re2 36. Rd6+ Kg7 37. Rb6 Rxg2 38. Rxb7 ({White should play} 38. d5 $1 $14) 38... Rh2 39. Kg3 Rd2 40. Rb4 f6 41. a3 g5 42. hxg5 fxg5 43. b3 Rd3 44. Rb6 g4 45. Kh4 (45. Rxa6 $11 {keeps the balance.} Rxb3 46. Ra7+ Kf6 47. Ra6+ Ke7 48. Ra7+ Ke6 49. Ra6+ Kd7 50. Kh4) 45... gxf3 $17 {Hoping for ...f2.} 46. Kg3 h4+ $1 47. Kf2 h3 ({Much weaker is} 47... Rxd4 $6 48. Rxa6 h3 49. Kxf3 $11) 48. Rb7+ Kg6 49. Kg3 (49. Rb8 $17) 49... Rxd4 (49... Rd1 $1 $19 {is more deadly.} 50. Rb6+ Kg5) 50. Rb6+ $2 {[%mdl 8192] [#]} (50. Rc7 $17 {was the crucial defense.}) 50... Kg5 $1 $19 {Threatens to win with ...Rg4+.} 51. Rb8 {[#]} Rd3 $2 ({Better is} 51... Rh4 $1 $19 {( -> ...h2)} 52. Rg8+ Kf6 53. Rf8+ Ke7 54. Kxh4 h2 55. Rxf3 h1=Q+ {[%mdl 64] Double Attack} 56. Kg4 Qg1+ 57. Kh4 Qg2) 52. Kxh3 $2 {[%mdl 8192]} (52. a4 $11) 52... Kf4 53. Kh2 Rd1 54. Re8 Rd3 (54... f2 $142 55. Rf8+ Ke3 56. Kg2 Rg1+ 57. Kh2 f1=Q 58. Rxf1 Rxf1 59. Kg3 Rg1+ 60. Kh4 Kf4 61. Kh5 Rg3 62. Kh6 Kf5 63. b4 Rg4 64. Kh5 Rd4 65. Kh6 Rd7 66. a4 Rb7 67. b5 a5 68. b6 Rf7 69. b7 Rxb7 70. Kh5 Rh7#) 55. Rb8 {intending Kg1.} Rd1 $2 (55... Ke3 $19 56. Kg3 Ke2) 56. Rf8+ $2 {[%mdl 8192]} (56. Re8 $11 f2 57. Rf8+ Ke3 58. Kg2 Rg1+ 59. Kh3 f1=Q+ 60. Rxf1 Rxf1 61. Kg4 Ke4 62. Kg5 Rf3 63. b4 Rxa3 64. Kg6 Rb3 65. Kg5 Rxb4 66. Kf6 a5 67. Ke6 Rb6+ 68. Kd7 a4 69. Kd8 a3 70. Kd7 a2 71. Kc7 Rh6 72. Kd7 a1=Q 73. Ke8 Rh7 74. Kf8 Qh8#) 56... Ke3 57. Re8+ Kf2 58. Re6 Rd5 {[%cal Rd5h5]} 59. Kh3 Rd3 60. Rxa6 Rxb3 (60... Kf1 $142 61. Rf6 f2+ 62. Kh2 Rxb3) 61. Rc6 Rxa3 $2 (61... Rb1 $19 62. Rc8 Rh1+ 63. Kg4 Kg2) 62. Rc2+ $11 {The position is equal.} Ke3 (62... Kf1 $5 63. Rc1+ $8 Kf2 $11) 63. Kg3 Ra8 (63... Ra1 $5 64. Rc3+ $8 Kd4 65. Rxf3 Rh1 $11) 64. Rc3+ Ke4 65. Rxf3 Ke5 {Accuracy: White = 49%, Black = 46%.} 1/2-1/2

[Event "Hasselbacken Open 2019"]
[Site "Stockholm"]
[Date "2019.11.01"]
[Round "4.9"]
[White "Eriksson, Kristian"]
[Black "Akesson, Ralf"]
[Result "0-1"]
[WhiteElo "2112"]
[BlackElo "2370"]
[Annotator "TA"]
[PlyCount "90"]
[EventDate "2019.11.01"]
[EventCountry "SWE"]
[SourceTitle "playchess.com"]
[Source "ChessBase"]
[SourceQuality "1"]

{[%evp 17,90,0,0,0,0,0,0,0,-6,0,16,15,52,0,0,0,0,0,7,0,0,0,0,-15,-17,-16,16,-6,0,0,0,-15,-15,-117,24,32,68,37,22,0,0,-51,-56,-166,-177,-181,-190,-197,-52,-34,-20,-25,-25,-132,0,0,0,0,0,0,0,0,41,44,47,37,47,45,42,39,29,0,0,-543,-533]} 1. e4 c5 2. Nf3 d6 3. d4 cxd4 4. Nxd4 Nf6 5. Nc3 a6 6. Bg5 e6 7. Qf3 Be7 8. O-O-O Qc7 9. Qg3 Nbd7 10. Bd3 {B95: Sicilian Najdorf: 6 Bg5 e6, unusual White 7th moves} b5 11. Rhe1 Bb7 (11... h6 12. Bxf6 Bxf6 13. Nf5 Kf8 14. Qxd6+ Qxd6 15. Nxd6 Ke7 16. Nxc8+ Rhxc8 {1-0 (59) Nepomniachtchi,I (2768)-Sarana,A (2613) Satka 2018}) 12. Kb1 {The position is equal.} O-O 13. a3 Rfe8 $146 ({Predecessor:} 13... Nc5 14. f4 Nxd3 15. Rxd3 b4 16. axb4 Rfc8 {0-1 (66) Beckett,P (2136)-Nevin,M ICCF email 2007}) 14. f4 {White wants to play e5.} Nc5 15. e5 (15. Re3 {feels hotter.} Nh5 16. Qg4 g6 17. Be2 Bf8 18. Qh4) 15... dxe5 16. fxe5 Nxd3 17. Rxd3 {Hoping for Bxf6.} Nd7 $1 18. Bxe7 Rxe7 19. Qg5 Nf8 20. Rg3 {[%csl Gg3][%cal Rg5g7]} Ng6 21. h4 {h5 is the strong threat.} Rd8 22. Nf3 h6 23. Qg4 $1 {Strongly threatening h5.} Qc4 24. Qxc4 bxc4 25. Ne4 (25. Rg4 $11 {keeps the balance.}) 25... Bxe4 (25... Red7 $1 $17 {[%cal Rd7d1]} 26. Nc5 Rd1+ 27. Rxd1 Rxd1+ 28. Ka2 Bxf3 29. gxf3 Nxh4 30. Nxa6 Ng6) 26. Rxe4 $11 Rd1+ 27. Ka2 Rc7 28. h5 Ne7 29. Nh4 (29. Rgg4 $11) 29... Nd5 $36 {[%mdl 2048] Black is pushing.} 30. Reg4 (30. Nf3 $1 $15) 30... f5 $1 $19 {[%cal Rf5g4]} 31. exf6 Nxf6 32. Rg6 {[#] And now Rxf6 would win.} Nxh5 (32... Kh7 $1 $19 {aiming for ...Rd5.} 33. Re3 Rc1 34. Rxe6 Rxc2) 33. Re3 $1 $15 Nf4 34. Rg4 $1 {[%cal Rg4f4]} g5 35. Nf3 {[#]} (35. g3 $1 $11 Nd5 36. Rxe6) 35... Rc1 ({Black should try} 35... Rf1 $1 $17 36. Re4 Kf7) 36. g3 $11 Nd5 37. Rxe6 {[%mdl 64] Double Attack} Rxc2 {( -> ...Nc3+)} 38. Kb1 Rf2 39. Rxh6 Rf1+ 40. Ka2 Ne3 41. Rxg5+ Rg7 {White must now prevent ...Nc2.} 42. Rhg6 Rxg6 43. Rxg6+ Kh7 44. Ne5 Nc2 $1 {[%csl Gc2][%cal Rf1a1]} 45. Nxc4 $2 {[%mdl 8192]} (45. b4 $11 {and White has nothing to worry.}) 45... Kxg6 {Accuracy: White = 46%, Black = 49%.} 0-1